[Event "POL-ChT2"]
[Site "Katowice POL"]
[Date "2010.09.12"]
[Round "9"]
[White "Wlodarczyk, Oskar"]
[Black "Orzechowski, Jacek"]
[Result "0-1"]
[WhiteElo "2318"]
[BlackElo "2283"]
[EventDate "2010.09.04"]
[PlyCount "51"]

1.e4 d6 2.d4 Nf6 3.Nc3 Nbd7 4.Nf3 e5 5.dxe5 dxe5 6.Bc4 Bc5 7.O-O O-O 8.Qe2
c6 9.a4 a6 10.Bg5 h6 11.Bd2 Ne8 12.Rad1 Qf6 13.h3 Nc7 14.Nh2 Ne6 15.Ng4 
Qg6 16.Bxe6 Qxe6 17.Be3 Bb4 18.Rd3 Nc5 19.Bxc5 Bxc5 20.Qd2 Re8 21.Ne2 h5 
22.Ne3 g6 23.Rd1 Bb4 24.c3 Be7 25.Kh2 b6 26.Nf1 {zapis nieczytelny, 43 
ruchy} 0-1

[Event "POL-ChT2"]
[Site "Katowice POL"]
[Date "2010.09.12"]
[Round "9"]
[White "Cherednichenko, Svetlana"]
[Black "Magnucka, Milena"]
[Result "1/2-1/2"]
[WhiteElo "2285"]
[BlackElo "2061"]
[EventDate "2010.09.04"]
[PlyCount "82"]

1.d4 Nf6 2.c4 g6 3.Nc3 Bg7 4.e4 d6 5.Nf3 O-O 6.Be2 e5 7.O-O Nc6 8.d5 Ne7 
9.Ne1 Nd7 10.Nd3 f5 11.Bd2 f4 12.Bg4 Nf6 13.Bxc8 Rxc8 14.f3 g5 15.c5 h5 
16.Qb3 Rb8 17.Rac1 a6 18.a4 g4 19.a5 gxf3 20.gxf3 Qd7 21.cxd6 cxd6 22.Qb6 
Ng6 23.Be1 Ne8 24.Rc2 Bf6 25.Rg2 Kh7 26.Kh1 Rg8 27.b4 Qh3 28.Qf2 Bh4 29.
Qe2 Bxe1 30.Nxe1 Nf6 31.Rfg1 Nh4 32.Rxg8 Rxg8 33.Rxg8 Kxg8 34.Nd1 Kf7 35.
Nf2 Qd7 36.Qf1 Ne8 37.Qh3 Qxh3 38.Nxh3 Nc7 39.Kg1 Kf6 40.Nf2 Nb5 41.Nfd3 
Nd4 1/2-1/2

[Event "POL-ChT2"]
[Site "Katowice POL"]
[Date "2010.09.12"]
[Round "9"]
[White "Czyz, Artur"]
[Black "Wojciechowski, Piotr"]
[Result "1/2-1/2"]
[WhiteElo "2088"]
[BlackElo "2305"]
[EventDate "2010.09.04"]
[PlyCount "63"]

1.e4 c5 2.Nf3 e6 3.d4 cxd4 4.Nxd4 Nc6 5.Nc3 Qc7 6.Be3 a6 7.Bd3 Nf6 8.O-O 
Ne5 9.Be2 Nc4 10.Bxc4 Qxc4 11.Qf3 d6 12.Rad1 Be7 13.Qg3 O-O 14.Bh6 Ne8 15.
f4 Kh8 16.Bg5 f6 17.Bh4 Nc7 18.e5 Bd7 19.Ne4 d5 20.b3 Qb4 21.f5 dxe4 22.
exf6 gxf6 23.Qxc7 e5 24.Qxd7 exd4 25.Rf4 Rad8 26.Qe6 e3 27.Re4 Qd2 28.Rxd2
exd2 29.Qxe7 d1=Q+ 30.Re1 Qh5 31.Bxf6+ Rxf6 32.Qxf6+ 1/2-1/2

[Event "POL-ChT2"]
[Site "Katowice POL"]
[Date "2010.09.12"]
[Round "9"]
[White "Juroszek, Tadeusz"]
[Black "Kalvaitis, Sigitas"]
[Result "1/2-1/2"]
[WhiteElo "2365"]
[BlackElo "2316"]
[EventDate "2010.09.04"]
[PlyCount "67"]

1.e4 e5 2.Nf3 Nf6 3.Nxe5 d6 4.Nc4 Nxe4 5.Nc3 Nxc3 6.bxc3 Be7 7.d4 O-O 8.
Bd3 Nd7 9.O-O Nf6 10.Qf3 c6 11.Re1 Be6 12.a4 Qd7 13.Ne3 d5 14.Nf5 Bxf5 15.
Bxf5 Qc7 16.Bf4 Bd6 17.Be5 Ne8 18.Re3 g6 19.Bd3 f6 20.Bxd6 Qxd6 21.c4 Nc7 
22.c5 Qd7 23.h4 Kg7 24.h5 Rae8 25.hxg6 hxg6 26.Qg3 f5 27.Rxe8 Nxe8 28.Re1 
Nf6 29.Re5 Ne4 30.Qh4 Re8 31.Qf4 Rxe5 32.Qxe5+ Nf6 33.c4 Qe8 34.f4 1/2-1/2

[Event "POL-ChT2"]
[Site "Katowice POL"]
[Date "2010.09.12"]
[Round "9"]
[White "Swicarz, Maciej"]
[Black "Flasinski, Michal"]
[Result "1/2-1/2"]
[WhiteElo "2306"]
[BlackElo "2214"]
[EventDate "2010.09.04"]
[PlyCount "62"]

1.Nf3 Nf6 2.c4 e6 3.b3 b6 4.g3 Bb7 5.Bg2 c5 6.Bb2 Be7 7.O-O O-O 8.d3 d5 9.
Qc2 Nc6 10.Nbd2 Qc7 11.Rad1 Rfd8 12.Qb1 a6 13.cxd5 Nxd5 14.Ne4 e5 15.Rc1 
f6 16.Rfd1 Qd7 17.e3 Rac8 18.d4 cxd4 19.exd4 f5 20.Bh3 exd4 21.Rc4 g6 22.
Nxd4 Nf6 23.Rd3 Nxe4 24.Nxc6 Qxd3 25.Nxe7+ Kf7 26.Qxd3 Rxd3 27.Nxc8 Rd1+ 
28.Bf1 Rxf1+ 29.Kxf1 Nd2+ 30.Ke2 Nxc4 31.bxc4 Bxc8 1/2-1/2

[Event "POL-ChT2"]
[Site "Katowice POL"]
[Date "2010.09.12"]
[Round "9"]
[White "Wandzik, Wojciech"]
[Black "Cajbel, Maciej"]
[Result "1-0"]
[WhiteElo "2199"]
[BlackElo "2221"]
[EventDate "2010.09.04"]
[PlyCount "59"]

1.e4 c5 2.Nf3 e6 3.d4 cxd4 4.Nxd4 Nc6 5.Nc3 Qc7 6.Be2 a6 7.O-O b5 8.Nxc6 
Qxc6 9.Bf3 Qc7 10.Re1 Bb7 11.Bg5 Rc8 12.Nd5 Bxd5 13.exd5 Bd6 14.dxe6 dxe6 
15.Qd4 Ne7 16.Qxg7 Bxh2+ 17.Kh1 Rg8 18.Qf6 Bd6 19.Bh5 Rg6 20.Bxg6 hxg6 21.
Rad1 Qc5 22.Rd3 Nd5 23.Rxe6+ fxe6 24.Qxe6+ Ne7 25.Rc3 Rc6 26.Bxe7 Qh5+ 27.
Bh4+ Kf8 28.Rf3+ Kg7 29.Rf7+ Kh6 30.Qe3+ 1-0

[Event "POL-ChT2"]
[Site "Katowice POL"]
[Date "2010.09.12"]
[Round "9"]
[White "Hermanowicz, Dominika"]
[Black "Gola, Karol"]
[Result "1/2-1/2"]
[WhiteElo "2078"]
[BlackElo "2211"]
[EventDate "2010.09.04"]
[PlyCount "68"]

1.e4 c5 2.Nf3 d6 3.d4 cxd4 4.Nxd4 a6 5.Bd3 Qc7 6.O-O Nf6 7.Nc3 Nc6 8.Nb3 
b5 9.a3 e6 10.f4 Be7 11.Qe2 O-O 12.Bd2 Bb7 13.Rae1 Nd7 14.Qg4 Bf6 15.Qh3 
g6 16.Nd1 Nd4 17.Nxd4 Bxd4+ 18.Kh1 Nc5 19.Bc3 Nxd3 20.cxd3 Bxc3 21.Nxc3 f5
22.Qe3 Rae8 23.Re2 Qc5 24.d4 Qb6 25.Rfe1 Bc6 26.Qd2 fxe4 27.Nxe4 Bd5 28.
Ng5 Rf6 29.h3 Ref8 30.Nxe6 Bxe6 31.Rxe6 Rxf4 32.R6e4 Rxe4 33.Rxe4 d5 34.
Re1 Qf6 1/2-1/2

[Event "POL-ChT2"]
[Site "Katowice POL"]
[Date "2010.09.12"]
[Round "9"]
[White "Szydlowska-Duda, Marta"]
[Black "Cagara, Paulina"]
[Result "1/2-1/2"]
[WhiteElo "2063"]
[BlackElo "2070"]
[EventDate "2010.09.04"]
[PlyCount "151"]

1.d4 Nf6 2.Nf3 d5 3.Bf4 c5 4.e3 Qb6 5.Qc1 Nc6 6.c3 Bf5 7.Nh4 Bg6 8.Nxg6 
hxg6 9.Bd3 e6 10.Nd2 cxd4 11.exd4 Nh5 12.Bg5 Bd6 13.Nf3 Qc7 14.g3 O-O 15.
Qd2 e5 16.dxe5 Nxe5 17.Nxe5 Bxe5 18.O-O Nf6 19.Rfe1 Bd6 20.Rad1 Bc5 21.Bf4
Qc6 22.Be3 Rfe8 23.Bf1 Bxe3 24.Rxe3 Rxe3 25.Qxe3 Qa4 26.Qd4 Qxa2 27.Qb4 b6
28.c4 dxc4 29.Bxc4 Qa5 30.Qe7 Kh7 31.Bxf7 Rc8 32.Rd4 Rc5 33.Rd8 Qb4 34.Qe3
Rc7 35.Bb3 Re7 36.Be6 Qxb2 37.g4 Qb1+ 38.Kg2 Qe4+ 39.Qxe4 Nxe4 40.Bg8+ Kh6
41.f4 g5 42.f5 g6 43.Be6 gxf5 44.gxf5 g4 45.Rg8 Rg7 46.Rd8 Kg5 47.Rd4 Nf6 
48.h3 gxh3+ 49.Kxh3 Rh7+ 50.Kg2 Rc7 51.Kf3 Rc3+ 52.Ke2 Rc6 53.Kd3 Ng4 54.
Ke4 Rc5 55.Rd8 Nf6+ 56.Kd4 Ra5 57.Kc4 Kf4 58.Kb4 Ke5 59.Kc4 Ne4 60.Rf8 
Rc5+ 61.Kb4 a5+ 62.Ka4 Nc3+ 63.Kb3 Nd5 64.Rb8 b5 65.Bd7 a4+ 66.Kb2 Nc7 67.
Rb6 Rd5 68.Bc8 Rd8 69.Rb8 Kd6 70.Ka3 Nd5 71.f6 Kc7 72.Rxb5 Kxc8 73.Rc5+ 
Kb7 74.Kxa4 Nb6+ 75.Kb5 Nd7 76.Rf5 1/2-1/2

[Event "POL-ChT2"]
[Site "Katowice POL"]
[Date "2010.09.12"]
[Round "9"]
[White "Gritsak, Orest"]
[Black "Rudolf, Michal"]
[Result "1-0"]
[WhiteElo "2521"]
[BlackElo "2372"]
[EventDate "2010.09.04"]
[PlyCount "51"]

1.Nf3 g6 2.e4 Bg7 3.d4 c6 4.c3 d5 5.Nbd2 dxe4 6.Nxe4 Nd7 7.Bc4 Nb6 8.Bb3 
Nf6 9.Nxf6+ Bxf6 10.Bh6 a5 11.a4 Nd5 12.O-O Be6 13.Re1 Qc7 14.Ng5 Bxg5 15.
Bxg5 O-O-O 16.Qf3 h6 17.Bh4 g5 18.Bg3 Qb6 19.c4 Nf6 20.d5 Bg4 21.Qc3 Rhe8 
22.c5 Qa7 23.d6 Nd5 24.Bxd5 cxd5 25.dxe7 Rd7 26.c6 1-0

[Event "POL-ChT2"]
[Site "Katowice POL"]
[Date "2010.09.12"]
[Round "9"]
[White "Warszawski, Bartosz"]
[Black "Stoma, Pawel"]
[Result "0-1"]
[WhiteElo "2309"]
[BlackElo "2308"]
[EventDate "2010.09.04"]
[PlyCount "56"]

1.e4 c6 2.d4 d5 3.e5 Bf5 4.Nc3 e6 5.g4 Bg6 6.Nge2 c5 7.Be3 Nc6 8.dxc5 Qc7 
9.f4 h5 10.Qd2 hxg4 11.Nb5 Qd7 12.Ng3 d4 13.Bxd4 Nxd4 14.Nxd4 O-O-O 15.
O-O-O Bxc5 16.Qc3 Qc7 17.Bc4 Bxd4 18.Rxd4 Rxd4 19.Qxd4 Ne7 20.Bb3 Kb8 21.
Qf2 Qb6 22.Qe2 Qd4 23.Qxg4 Qe3+ 24.Kb1 Rxh2 25.Rd1 Rg2 26.Qh4 Nc6 27.f5 
Rg1 28.c3 exf5 0-1

[Event "POL-ChT2"]
[Site "Katowice POL"]
[Date "2010.09.12"]
[Round "9"]
[White "Praszak, Michal"]
[Black "Kaim, Piotr"]
[Result "0-1"]
[WhiteElo "2215"]
[BlackElo "2288"]
[EventDate "2010.09.04"]
[PlyCount "92"]

1.d4 Nf6 2.c4 c5 3.d5 e5 4.Nc3 d6 5.e4 Nbd7 6.Nf3 Be7 7.g3 a6 8.a4 O-O 9.
Bg2 Rb8 10.O-O Ne8 11.a5 g6 12.Bh6 Ng7 13.Qd2 Nf6 14.h3 Kh8 15.Nh2 Ng8 16.
Bxg7+ Kxg7 17.f4 Bf6 18.f5 b6 19.Ng4 Bg5 20.Qf2 h5 21.Ne3 Nf6 22.Ra3 bxa5 
23.b3 Bd7 24.Rb1 Rb7 25.Nc2 Qc7 26.Na1 Rb4 27.Na2 Rb7 28.Rf1 Be8 29.Nc3 
Rb4 30.Na2 Rb7 31.Bf3 a4 32.bxa4 Qb8 33.Nc2 Rb2 34.Nc1 Bd7 35.Nd3 Rb3 36.
Nc1 Rb2 37.a5 Qb7 38.Bg2 Qb8 39.Qe2 Qb7 40.Qd3 Rb8 41.Qf3 Rxc2 42.h4 Rxc1 
43.hxg5 Rxf1+ 44.Bxf1 Ng4 45.Kg2 Qb2+ 46.Be2 Qd2 0-1

[Event "POL-ChT2"]
[Site "Katowice POL"]
[Date "2010.09.12"]
[Round "9"]
[White "Rams, Michal"]
[Black "Miroslaw, Michal"]
[Result "0-1"]
[WhiteElo "2281"]
[BlackElo "2291"]
[EventDate "2010.09.04"]
[PlyCount "100"]

1.g3 d5 2.Bg2 e5 3.d3 Nf6 4.Nd2 Nc6 5.a3 a5 6.e4 dxe4 7.dxe4 Bc5 8.Ngf3 
O-O 9.O-O Qe7 10.h3 Rd8 11.Re1 Nh5 12.Nh2 Nxg3 13.Qf3 Qh4 14.Nb3 Ba7 15.
Be3 Bxe3 16.Qxe3 Nh5 17.Nf3 Qe7 18.Bf1 Nf4 19.Kh2 Rd6 20.Ng1 Rh6 21.c3 a4 
22.Nc5 Nd8 23.Nd3 Nxd3 24.Qxd3 Raa6 25.Rad1 Rad6 26.Qc2 Qd7 27.Rd3 Rxd3 
28.Bxd3 Rd6 29.Rd1 Ne6 30.Be2 Rxd1 31.Bxd1 Nc5 32.Bg4 Qd8 33.Bxc8 Qxc8 34.
Nf3 Qd8 35.Ne1 Qh4 36.Kg2 Qxe4+ 37.Qxe4 Nxe4 38.Nd3 f6 39.f3 Nd6 40.Nc5 b5
41.Na6 c6 42.Nb4 c5 43.Na6 Nc4 44.Nc7 b4 45.cxb4 cxb4 46.axb4 Nxb2 47.b5 
Nc4 48.Nd5 a3 49.Nc3 Kf7 50.Kf2 Ke6 0-1

[Event "POL-ChT2"]
[Site "Katowice POL"]
[Date "2010.09.12"]
[Round "9"]
[White "Panas, Pawel"]
[Black "Chalupnik, Marcin"]
[Result "1-0"]
[WhiteElo "2194"]
[BlackElo "2247"]
[EventDate "2010.09.04"]
[PlyCount "97"]

1.e4 c5 2.Nf3 d6 3.Bb5+ Bd7 4.Bxd7+ Qxd7 5.O-O Nc6 6.c4 Nf6 7.Nc3 e6 8.d4 
cxd4 9.Nxd4 Be7 10.Re1 a6 11.b3 O-O 12.Bb2 Qc7 13.Rc1 Nxd4 14.Qxd4 Rfd8 
15.Rcd1 Rac8 16.Qe3 Qa5 17.a3 Qh5 18.h3 Rc5 19.Ne2 Rdc8 20.Bc3 b5 21.Bb4 
R5c6 22.e5 Ne8 23.cxb5 axb5 24.Nd4 Ra6 25.Nxb5 Rcc6 26.Nd4 Rc7 27.exd6 
Bxd6 28.Bxd6 Nxd6 29.a4 h6 30.Qd3 Qa5 31.Rc1 Rxc1 32.Rxc1 Ra8 33.Nxe6 Qe5 
34.Nd4 Re8 35.Rd1 Ne4 36.Nf3 Qb2 37.Rf1 Nc3 38.Re1 Rxe1+ 39.Nxe1 Qxb3 40.
Qd8+ Kh7 41.Qd3+ Kg8 42.a5 Qb4 43.a6 Nb5 44.Qd8+ Kh7 45.Nf3 Qc5 46.Qb8 f5 
47.Qe5 Qc1+ 48.Kh2 Qb1 49.Qc5 1-0

[Event "POL-ChT2"]
[Site "Katowice POL"]
[Date "2010.09.12"]
[Round "9"]
[White "Zajkowska, Olga"]
[Black "Toma, Katarzyna"]
[Result "0-1"]
[WhiteElo "1819"]
[BlackElo "2245"]
[EventDate "2010.09.04"]
[PlyCount "96"]

1.d4 Nf6 2.c4 g6 3.Nc3 d5 4.Bf4 Bg7 5.e3 c6 6.Nf3 O-O 7.Be2 Bf5 8.Qb3 b6 
9.cxd5 cxd5 10.O-O Nc6 11.Ne5 Na5 12.Qa4 Nd7 13.Ng4 Be6 14.h3 a6 15.Bf3 b5
16.Qc2 Nb6 17.Rfc1 Rc8 18.Qd1 b4 19.Na4 Nac4 20.Nxb6 Qxb6 21.Qe2 Rfd8 22.
h4 f6 23.b3 Nd6 24.Bxd6 Qxd6 25.Qd2 h5 26.Nh2 Bf7 27.Rxc8 Rxc8 28.Rc1 
Rxc1+ 29.Qxc1 e5 30.dxe5 fxe5 31.Nf1 Be6 32.Qd1 Qc6 33.Ng3 a5 34.Nf1 e4 
35.Be2 Qc3 36.Qb1 Bf6 37.g3 Kg7 38.Qd1 Qb2 39.g4 Bxh4 40.gxh5 gxh5 41.Nd2 
Qf6 42.Qf1 Kh6 43.Kh1 Qxf2 44.Qxf2 Bxf2 45.Nf1 Kg5 46.Kg2 Be1 47.Nh2 h4 
48.Nf1 Bg4 0-1

[Event "POL-ChT2"]
[Site "Katowice POL"]
[Date "2010.09.12"]
[Round "9"]
[White "Brodowski, Piotr"]
[Black "Zawadzki, Stanislaw"]
[Result "1/2-1/2"]
[WhiteElo "2413"]
[BlackElo "2412"]
[EventDate "2010.09.04"]
[PlyCount "51"]

1.c4 c6 2.Nf3 d5 3.b3 Bf5 4.Bb2 e6 5.d3 h6 6.Nbd2 Nf6 7.g3 Nbd7 8.Bg2 Be7 
9.O-O O-O 10.Qc2 Bh7 11.Rac1 Ne8 12.h3 Bf6 13.Bxf6 Nexf6 14.Qb2 a5 15.a3 
Qe7 16.Rfe1 Rfd8 17.cxd5 exd5 18.Nf1 Qf8 19.Kh2 Re8 20.Ne3 Qd6 21.Nc2 Ne5 
22.Nxe5 Qxe5 23.Qxe5 Rxe5 24.d4 Re7 25.e3 Be4 26.Re2 1/2-1/2

[Event "POL-ChT2"]
[Site "Katowice POL"]
[Date "2010.09.12"]
[Round "9"]
[White "Bulski, Krzysztof"]
[Black "Zezulkin, Jurij"]
[Result "1/2-1/2"]
[WhiteElo "2459"]
[BlackElo "2437"]
[EventDate "2010.09.04"]
[PlyCount "35"]

1.d4 Nf6 2.c4 g6 3.Nc3 d5 4.cxd5 Nxd5 5.e4 Nxc3 6.bxc3 Bg7 7.Nf3 c5 8.Rb1 
O-O 9.Be2 cxd4 10.cxd4 Qa5+ 11.Bd2 Qxa2 12.O-O a5 13.Qc1 Bg4 14.Bc4 Qa4 
15.Bb5 Qa2 16.Bc4 Qa4 17.Bb5 Qa2 18.Bc4 1/2-1/2

[Event "POL-ChT2"]
[Site "Katowice POL"]
[Date "2010.09.12"]
[Round "9"]
[White "Oliwa, Marek"]
[Black "Pieniazek, Artur"]
[Result "1/2-1/2"]
[WhiteElo "2418"]
[BlackElo "2374"]
[EventDate "2010.09.04"]
[PlyCount "29"]

1.d4 Nf6 2.c4 e6 3.Nf3 d5 4.g3 dxc4 5.Bg2 Be7 6.O-O O-O 7.Qc2 a6 8.Qxc4 b5
9.Qc2 Bb7 10.Rd1 Be4 11.Qb3 Bd5 12.Qc2 Be4 13.Qb3 Bd5 14.Qc2 Be4 15.Qb3 
1/2-1/2

[Event "POL-ChT2"]
[Site "Katowice POL"]
[Date "2010.09.12"]
[Round "9"]
[White "Michna, Marta"]
[Black "Zmarzly, Aleksandra"]
[Result "1/2-1/2"]
[WhiteElo "2399"]
[BlackElo "2063"]
[EventDate "2010.09.04"]
[PlyCount "60"]

1.d4 Nf6 2.Nf3 e6 3.e3 b6 4.Bd3 Bb7 5.Nbd2 c5 6.O-O Be7 7.Re1 d5 8.b3 Nbd7
9.Bb2 O-O 10.Qe2 Ne4 11.c4 Nxd2 12.Nxd2 Nf6 13.Rac1 Rc8 14.dxc5 Bxc5 15.
Red1 Qe7 16.cxd5 Bxd5 17.Bc4 Bxc4 18.Nxc4 Rfd8 19.h3 h6 20.Rxd8+ Rxd8 21.
Rd1 Rxd1+ 22.Qxd1 Qd7 23.Qxd7 Nxd7 24.Kf1 b5 25.Ne5 Nxe5 26.Bxe5 Kf8 27.
Ke2 g6 28.Kd3 Ke7 29.Bb2 Bb6 30.f4 b4 1/2-1/2